000
00225nam a22000857a 4500
008
160905b xxu||||| |||| 00| 0 eng d
100
_9
307
_a
Gandhi P
245
_a
Business Studies-XI
260
_a
New Delhi
_b
Dhanpat publication
_c
2011
999
_c
2967
_d
2967